00708 2200253 4500001002100000005001700021008004100038035002400079040001200103082001000115090001500125245011000140250001100250260003300261300002500294440001900319650002200338650001600360700001700376700001900393850001200412990001500424990001500439YOGYA-0209000000414220090227020704.0 ind  0010-020900000004142 aYOPDYOG a651.3 a651.3bStr aStruktur organisasi dan dinamikanyacoleh, A.H. Maslow...[et.al.] ; editor, S.G. Huneryager, I.L. Heckman aCet. 1 aSemarangbDahara Prizec1992 a144 hlmbilusc21 cm aHuman relation aManajemen lembaga aPerkumpulan aMoslow, A.H. aHeckman, I. L. aYOPDYOG a98P0114826 a98P0114825